Faculty of Law Library — Cairo University

Official Online Catalog

Le Code de la Route : (Record no. 74399)

MARC details
000 -LEADER
fixed length control field 01066nam a2200313 i 4500
003 - CONTROL NUMBER IDENTIFIER
control field EG-GICUC
005 - DATE AND TIME OF LATEST TRANSACTION
control field 20260430090911.0
008 - FIXED-LENGTH DATA ELEMENTS--GENERAL INFORMATION
fixed length control field 260430s1929 fr addafr|||| 001 0 fre d
040 ## - CATALOGING SOURCE
Original cataloging agency EG-GiCUC
Language of cataloging fre
Transcribing agency EG-GiCUC
Modifying agency EG-GiCUC
Description conventions Rda
041 0# - LANGUAGE CODE
Language code of text/sound track or separate title fre
082 04 - DEWEY DECIMAL CLASSIFICATION NUMBER
Edition number 21
Classification number 345.32421
Item number AM . C
092 04 - LOCALLY ASSIGNED DEWEY CALL NUMBER (OCLC)
Edition number 21
099 ## - LOCAL FREE-TEXT CALL NUMBER (OCLC)
Classification number Law1 07 345.32421 AM . C 1 ed - 1929
100 1# - MAIN ENTRY--PERSONAL NAME
Personal name Amblard, Jacques,
Relator term Auteur
245 ## - TITLE STATEMENT
Title Le Code de la Route :
Remainder of title guide pratique de l'automobiliste /
Statement of responsibility, etc. Jacques Amblard ; préface de M. Jean Appleton.
250 ## - EDITION STATEMENT
Edition statement Deuxième édition revue et complétée.
264 ## - PRODUCTION, PUBLICATION, DISTRIBUTION, MANUFACTURE, AND COPYRIGHT NOTICE
Place of production, publication, distribution, manufacture Paris :
Name of producer, publisher, distributor, manufacturer Librairie Dalloz,
Date of production, publication, distribution, manufacture, or copyright notice 1929.
300 ## - PHYSICAL DESCRIPTION
Extent 328 page :
Other physical details tableaux ;
Dimensions 24 cm.
336 ## - CONTENT TYPE
Source rda contenu
Content type term texte
337 ## - MEDIA TYPE
Source rda medias
Media type term Ordinateur
338 ## - CARRIER TYPE
Source transporteur rda
Carrier type term Ressource en ligne
546 ## - LANGUAGE NOTE
Language note Texte en français
650 14 - SUBJECT ADDED ENTRY--TOPICAL TERM
Topical term or geographic name entry element Droit administratif
Source of heading or term qrmak
651 1# - SUBJECT ADDED ENTRY--GEOGRAPHIC NAME
Source of heading or term qrmak
700 1# - ADDED ENTRY--PERSONAL NAME
Personal name Appleton, Jean
Relator term Préfacier
856 40 - ELECTRONIC LOCATION AND ACCESS
Uniform Resource Identifier <a href="https://fll.law.cu.edu.eg/fulltext/bks/B07-03439.pdf">https://fll.law.cu.edu.eg/fulltext/bks/B07-03439.pdf</a>
905 ## - Cataloger and Reviser Names
Cataloger Name: Ganna Ahmed
942 ## - ADDED ENTRY ELEMENTS (KOHA)
Source of classification or shelving scheme Dewey Decimal Classification
Koha item type Books
Edition 21
Suppress in OPAC No
Holdings
Withdrawn status Lost status Source of classification or shelving scheme Damaged status Not for loan Collection Home library Current library Date acquired Total checkouts Full call number Barcode Date last seen Copy number Price effective from Koha item type
    Dewey Decimal Classification   Not for loan القانون الإداري جــــامعة القــاهرة مكتبة كلية الحقوق - المبنى الرئيسي 30.04.2026   Law1 07 345.32421 AM . C 1 ed - 1929 0703439 C1 B07-03439 30.04.2026 1 30.04.2026 Books

© All rights reserved — Faculty of Law, Cairo University